| Tag |
First Indicator |
Second Indicator |
Subfields |
| LEADER |
00000cam a2200000 a 4500 |
| 001 |
in00000895713 |
| 005 |
20150923133109.0 |
| 007 |
hd afa013baca |
| 007 |
hd bfa013baaa |
| 008 |
850716s1664 miua a 00010 eng d |
| 035 |
|
|
|a (OCoLC)12269943
|
| 035 |
|
|
|9 AEL2176AM
|
| 037 |
|
|
|a CL0037000053
|b University Microfilms International
|
| 037 |
|
|
|b University Microfilms International, 300 N. Zeeb Rd., Ann Arbor, MI 48106
|
| 040 |
|
|
|a EAI
|c EAI
|d m/c
|d UtOrBLW
|
| 043 |
|
|
|a e-uk-en
|
| 045 |
0 |
|
|b d 1664
|
| 049 |
|
|
|a TXAI
|
| 090 |
|
|
|a AY751
|b .L54 1664
|
| 099 |
|
|
|a film
|a B
|a 3609
|
| 100 |
1 |
|
|a Lilly, William,
|d 1602-1681.
|
| 245 |
1 |
0 |
|a Merlini Anglici ephemeris, or, Astrological judgements for the year 1664 /
|c by William Lilly ...
|
| 264 |
|
3 |
|a London :
|b Printed for the Company of Stationers,
|c 1664.
|
| 300 |
|
|
|a 94 unnumbered pages :
|b illustrations
|
| 336 |
|
|
|a text
|b txt
|2 rdacontent
|
| 337 |
|
|
|a microform
|b h
|2 rdamedia
|
| 338 |
|
|
|a microfilm reel
|b hd
|2 rdacarrier
|
| 500 |
|
|
|a Engraved portrait of Lilly on title page.
|
| 500 |
|
|
|a Reproduction of original in the Huntington Library.
|
| 510 |
4 |
|
|a Wing
|c A1896.
|
| 533 |
|
|
|a Microfilm.
|b Ann Arbor, Mich. :
|c University Microfilms International,
|d 1984.
|e 1 microfilm reel ; 35 mm.
|f (Early English books, 1641-1700 ; 1494:16)
|
| 500 |
|
|
|a Microform.
|
| 650 |
|
0 |
|a Almanacs, English.
|
| 650 |
|
0 |
|a Ephemerides.
|
| 650 |
|
0 |
|a Astrology
|v Early works to 1800.
|
| 740 |
0 |
|
|a Merlini Anglici ephemeris.
|
| 740 |
0 |
|
|a Astrological judgements for the year 1664.
|
| 830 |
|
0 |
|a Early English books, 1641-1700 ;
|v 1494:16.
|
| 999 |
|
|
|a MARS
|
| 999 |
f |
f |
|s de20826a-c6ae-3621-836c-9644007f994d
|i e260f865-0f95-343d-af38-00d631c94f76
|t 0
|
| 952 |
f |
f |
|p default
|a Texas A&M University
|b College Station
|c Sterling C. Evans Library
|d Evans: Microforms (3rd floor)
|t 0
|e film B 3609 1494:16
|h Other scheme
|i microform -- microfilm reel
|
| 998 |
f |
f |
|a film B 3609 1494:16
|t 0
|l Evans: Microforms (3rd floor)
|